Normal view MARC view

Entry Personal Name

Number of records used in: 2

001 - CONTROL NUMBER

  • control field: 60057

003 - CONTROL NUMBER IDENTIFIER

  • control field: dpl

005 - DATE AND TIME OF LATEST TRANSACTION

  • control field: 20231220145949.0

008 - FIXED-LENGTH DATA ELEMENTS

  • fixed length control field: 231220|| aca||aabn | a|a d

040 ## - CATALOGING SOURCE

  • Original cataloging agency: dpl
  • Transcribing agency: dpl

100 ## - HEADING--PERSONAL NAME

  • Personal name: महात्मा गाँधी

670 ## - SOURCE DATA FOUND

  • Source citation: Work cat.: (dpl)199726: महात्मा गाँधी , हिन्द स्वराज/, 2021

© Delhi Public Library
Hit Counter
free hit counter